000 00595 a2200193 4500
999 _c9577
_d9577
022 _INo ISSN
050 _aKTL19 SOU 1976
100 _aDuncan, Graeme
_eeditor
245 _aSouth African law reports:
_b1976 (1) February /
_cGraeme Duncan et al...
264 _aCape Town:
_bJuta & Company,
_c1976.
300 _a693p. :
500 _aSouth African Law Reports
650 _aLaw reports, digests, etc. -- South Africa
651 _aSouth Africa
700 _aBarnett, M
_eeditor
700 _aBuchanan, J. L.
_eeditor
700 _aFisher, D.S.
_eeditor
942 _2lcc
_cSERIALS
_h19
_iSOU
_kKTL